| 000 | 00568nam a2200205Ia 4500 | ||
|---|---|---|---|
| 003 | OSt | ||
| 005 | 20230531115111.0 | ||
| 008 | 210423s1977 xx 000 0 und d | ||
| 040 | _cAL | ||
| 041 | _aeng | ||
| 082 |
_a307.72 _223 _bDICR |
||
| 100 |
_aDICTRICH (Gabride) _9117828 |
||
| 245 | _aReligion and peoples organization in east thanjaur | ||
| 260 |
_aNew Delhi _bCLS _c1977 |
||
| 300 |
_a3,30 _bPB |
||
| 650 |
_aRural Communities _9117829 |
||
| 650 |
_aSociology _9117830 |
||
| 906 | _aeast ; organization ; peoples ; Religion ; thanjaur | ||
| 942 |
_2ddc _cBK |
||
| 999 |
_c174614 _d174614 |
||